Najlepsze Piłkarskie Duety - Statystyki

Ogólne statystyki
  • Ten quiz został rozwiązany 72 razy
  • Średni wynik to 3 z 10
Statystyki odpowiedzi
Ilość Bramek Duet % Poprawnych
32 Messi Suarez
87%
30 Ronaldo Dybala
42%
45 Lewandowski Gnabry
41%
32 Salah Mane
41%
31 Mbappe Neymar
38%
31 Lukaku Martinez
13%
30 Sancho Haaland
10%
35 Immobile Caicedo
3%
36 Werner Schick
1%
28 Ilicić Zapata
0%
Nie znaleziono quizów pasujących do podanych kryteriów
Rozkład punktacji
Procent ludzi z każdym wynikiem
Percentyl według liczby udzielonych odpowiedzi
Twoja historia wyników
Nie rozwiązałeś tego quizu